000 00198nam a2200109Ia 4500
100 _a#N/A
942 _cBK
654 _arole
245 _aInventory Management
260 _b#N/A
546 _aENGLISH
999 _c33510
_d33510